| 000 | 01153nmc a2200349 a 4500 | ||
|---|---|---|---|
| 003 | AR-BaBNM | ||
| 005 | 20251128205857.0 | ||
| 008 | 138019s1996 ||||||||||||||000 | spa|| | ||
| 020 | _a84-283-1011-4 | ||
| 040 | _cAR-BaBNM | ||
| 100 | 1 | _aBirkenbihl, Michael | |
| 245 | 1 | 0 |
_aFormación de formadores _bmanual práctico para educadores, profesores y directores de formación de personal en las empresas. Train the trainer |
| 250 | _a6ª ed. | ||
| 260 |
_aMadrid _bParaninfo _c1996 |
||
| 300 | 0 |
_a361 p. _bgráfs., diagr. il. |
|
| 490 | 0 | _aOrganización comercial y empresarial | |
| 500 | 0 | _aIndice analítico: p. 357-358 | |
| 504 | _aBibliografía sugerida: p. 359-361 | ||
| 600 | 1 | 4 | _aMoreno, Jacob Levi |
| 600 | 1 | 4 | _aMaslow, Abraham L. |
| 650 | 4 | _aFORMACION PROFESIONAL | |
| 650 | 4 | _aOBJETIVOS DE LA FORMACION | |
| 650 | 4 | _aFORMADORES DE DOCENTES | |
| 650 | 4 | _aRELACIONES HUMANAS | |
| 650 | 4 | _aADMINISTRACION DEL PERSONAL | |
| 650 | 4 | _aDINAMICA DE GRUPO | |
| 653 | 0 | _aPSICOPEDAGOGIA | |
| 653 | 0 | _aPROCESO DE ENSENANZA-APRENDIZAJE | |
| 700 | 1 |
_aFernandes Pinto, Anneliese Mosch _etraductor |
|
| 942 | _cBK | ||
| 998 | _carturo | ||
| 999 |
_c13115 _d13115 |
||